000 00230nmm a2200085Ia 4500
008 220120s9999||||xx |||||||||||||||||und||
100 _aDigit
245 0 _aQuick heal : Direct X9.0c, Redistrioutable Java 2 Platform M
260 _c2005
999 _c138646
_d138646